No way back for the high street (Record no. 84101)
[ view plain ]
| 000 -LEADER | |
|---|---|
| fixed length control field | 01113cab a22001935a 4500 |
| 001 - CONTROL NUMBER | |
| control field | L156643 |
| 008 - FIXED-LENGTH DATA ELEMENTS--GENERAL INFORMATION | |
| fixed length control field | 120618e2012 xxk 000 0 eng d |
| 035 ## - SYSTEM CONTROL NUMBER | |
| System control number | (Sirsi) u156643 |
| 041 0# - LANGUAGE CODE | |
| Language code of text/sound track or separate title | eng |
| 100 1# - MAIN ENTRY--PERSONAL NAME | |
| Personal name | Hatcher, David |
| 245 00 - TITLE STATEMENT | |
| Title | No way back for the high street |
| 260 ## - PUBLICATION, DISTRIBUTION, ETC. | |
| Date of publication, distribution, etc. | 2012 |
| 490 #0 - SERIES STATEMENT | |
| Series statement | Property Week |
| Volume/sequential designation | 78(24) 15 June 2012, 34-37(4) |
| 520 ## - SUMMARY, ETC. | |
| Summary, etc. | Collier International's "Midsummer Retail Report 2012" paints the bleakest picture yet of the UK retail property market - too many shops on many high streets. New development will happen where there is demand but in many towns retail space will be boarded up permanently or demolished. Central London was the only region to report an increase in rents (9.4%). The UK overall vacancy rate is 10.4% up from 9.7% in 2011. Colliers' market predictions concentrate on leisure, localism and linking. Graphics cover biggest rent risers and fallers; average regional rent changes; highest and lowest UK retail rents; and high street administrations. |
| 590 ## - LOCAL NOTE (RLIN) | |
| Local note | KA |
| 651 #4 - SUBJECT ADDED ENTRY--GEOGRAPHIC NAME | |
| Geographic name | United Kingdom |
| 690 ## - LOCAL SUBJECT ADDED ENTRY--TOPICAL TERM (OCLC, RLIN) | |
| Topical term or geographic name as entry element | Commercial property |
| 9 (RLIN) | 6227 |
| 942 ## - ADDED ENTRY ELEMENTS (KOHA) | |
| Suppress in OPAC | 0 |
| Withdrawn status | Lost status | Source of classification or shelving scheme | Damaged status | Not for loan | Home library | Current library | Shelving location | Date acquired | Total Checkouts | Full call number | Barcode | Date last seen | Copy number | Price effective from | Koha item type |
|---|---|---|---|---|---|---|---|---|---|---|---|---|---|---|---|
| Dewey Decimal Classification | London | London | Journal article | 17/06/2012 | L156643 | 156643-1001 | 06/08/2019 | 1 | 06/08/2019 | Journal article |